Návrh zlepšenia informačného systému vo vybranom podniku bakalárska práca

Saved in:
Bibliographic Details
Main Author: Podracký, Rastislav
Corporate Author: Podnikovohospodárska fakulta EU so sídlom v Košiciach. Katedra kvantitatívnych metód
Other Authors: Hudák, Matej, 1984-
Format: Book
Language:Slovak
Published: Košice 2023
Tags: Add Tag
No Tags, Be the first to tag this record!

MARC

LEADER 00000nbm a2200000 4500
001 0294446
005 20240712083147.9
041 0 |a slo 
044 |a SK 
245 1 0 |a Návrh zlepšenia informačného systému vo vybranom podniku  |b bakalárska práca  |c Rastislav Podracký ; školiteľ: Matej Hudák 
264 1 |a Košice  |c 2023 
300 |a 60 s. 
100 1 |a Podracký, Rastislav 
700 1 |a Hudák, Matej, 1984- 
710 2 |a Podnikovohospodárska fakulta EU so sídlom v Košiciach. Katedra kvantitatívnych metód